Geografické aspekty ochrany prírody a krajiny
Na minha lista:
| Autor principal: | |
|---|---|
| Autor Corporativo: | |
| Outros Autores: | , |
| Formato: | Livro |
| Idioma: | eslovaco |
| Publicado em: |
Prešov
Prešovská univerzita v Prešove. Fakulta humanitných a prírodných vied
2015
|
| Assuntos: | |
| Tags: |
Sem tags, seja o primeiro a adicionar uma tag!
|
MARC
| LEADER | 00000nam a2200000 4500 | ||
|---|---|---|---|
| 001 | 0201980 | ||
| 005 | 20240226122400.7 | ||
| 020 | |a 978-80-555-1289-1 | ||
| 041 | 0 | |a slo | |
| 044 | |a SK | ||
| 245 | 1 | 0 | |a Geografické aspekty ochrany prírody a krajiny |c Vladimír Čech ; recenzenti: Irena Smolová, Norbert Polčák |
| 264 | 1 | |a Prešov |b Prešovská univerzita v Prešove. Fakulta humanitných a prírodných vied |c 2015 | |
| 300 | |a 221 s. | ||
| 610 | 2 | 0 | |a ekológia |
| 610 | 2 | 0 | |a politika environmentálna |
| 610 | 2 | 0 | |a ochrana prírody |
| 610 | 2 | 0 | |a vývoj |
| 610 | 2 | 0 | |a história |
| 610 | 2 | 0 | |a organizácie |
| 610 | 2 | 0 | |a legislatíva |
| 610 | 2 | 0 | |a dohody medzinárodné |
| 610 | 2 | 0 | |a dedičstvo |
| 610 | 2 | 0 | |a diverzita biologická |
| 610 | 2 | 0 | |a parky národné |
| 610 | 2 | 0 | |a Slovensko |
| 610 | 2 | 0 | |a UNESCO |
| 100 | 1 | |a Čech, Vladimír | |
| 700 | 1 | |a Smolová, Irena | |
| 700 | 1 | |a Polčák, Norbert | |
| 710 | 2 | |a Prešovská Univerzita. Fakulta humanitných a prírodných vied. Katedra geografie a aplikovanej geoinformatiky. | |